| 000 | 00676nam a2200193 a 4500 | ||
|---|---|---|---|
| 001 | 000042684 | ||
| 005 | 20201002040326.0 | ||
| 008 | 140206s1997 sp 000 0 spa d | ||
| 020 | _a8440680163 | ||
| 040 |
_aDO-SdBNP _bspa _cBNPHU |
||
| 100 | 1 |
_aNicholl, Charles _969985 |
|
| 240 | 1 | 4 | _aThe Fruit palace |
| 245 | 1 | 3 |
_aLa ruta de la coca : _bun viaje por Colombia y por el submundo del tráfico de cocaína / _cCharles Nicholl; traducción, Antonio Desmonts. |
| 260 |
_aBarcelona, : _bEdiciones B, _c1997. |
||
| 300 |
_a405 p. ; _c19 cm. |
||
| 490 | 1 | _aBiblioteca Grandes Viajeros | |
| 700 | 1 |
_aDesmonts, Antonio _etrad. _969986 |
|
| 830 | 0 |
_aBiblioteca Grandes Viajeros _969748 |
|
| 999 |
_c42173 _d42173 |
||